| 000 | 00807nam a2200253Ia 4500 | ||
|---|---|---|---|
| 003 | GCL | ||
| 008 | 140319s9999 xx 000 0 ara d | ||
| 040 |
_aGCL / _cGCL |
||
| 082 | 0 | 4 |
_a808.068 _bا ف |
| 100 | 1 | _aاحمد نجيب | |
| 245 | 1 | 0 |
_aفن الكتابة للاطفال / _cاحمد نجيب |
| 250 | _aالثالثة | ||
| 260 |
_aبيروت : _bدار اقرا للنشر والتوزيع والطباعة ، _c1992 |
||
| 300 |
_a236 ص: _bايض ؛ _c24 سم |
||
| 650 | 0 | 4 | _aالاطفال |
| 650 | 0 | 4 | _aرياض الاطفال |
| 650 | 0 | 4 | _aقصص الاطفال |
| 650 | 0 | 4 | _aالاطفال فى الادب |
| 650 | 0 | 4 | _aادب الاطفال |
| 650 | 0 | 4 | _aكتب الاطفال |
| 650 | 0 | 4 | _aشعر الاطفال |
| 650 | 0 | 4 | _aالاطفال - علم نفس |
| 942 |
_2ddc _cBK |
||
| 999 |
_c4994 _d4994 |
||